02019nam a2200397 a 4500001001200000003000800012006001900020007001500039008004100054010001700095020001800112020002700130040002100157035002100178050002800199082001700227245015200244260003200396300003200428490005000460490003000510504005100540505039600591533015200987650003901139650004201178650003201220650006401252655002901316700002701345710001701372830005101389830003801440856012601478999001701604ebr10693646CaPaEBRm u cr cn|||||||||130312s2013 nyua sb 001 0 eng d z 2012048210 z9781624176203 z9781624176241 (e-book) aCaPaEBRcCaPaEBR a(OCoLC)84698238014aQA76.9.U83bM344 2013eb04a004.01/922300aManaging implied information and connotative features in multilingual human-computer interactionh[electronic resource] /cChristina K. Alexandris. aNew York :bNovinka,c2013. a137 p. :bill. (some col.).1 aComputer science, technology and applications1 aLanguages and linguistics aIncludes bibliographical references and index.0 ach. 1. Introduction -- ch. 2. Designing for the international public as a user group -- ch. 3. Monolingual human-computer interaction systems for international users -- ch. 3. Multilingual variations of monolingual dialog systems -- ch. 5. Implied information and connotative features in human computer interaction systems with machine translation -- ch. 6. Conclusions and further research. aElectronic reproduction.bPalo Alto, Calif. :cebrary,d2013.nAvailable via World Wide Web.nAccess may be limited to ebrary affiliated libraries. 0aUser interfaces (Computer systems) 0aCross-language information retrieval. 0aHuman-computer interaction. 0aUser interfaces (Computer systems)xCross-cultural studies. 7aElectronic books.2local1 aAlexandris, Christina.2 aebrary, Inc. 0aComputer science, technology and applications. 0aLanguages and linguistics series.40uhttp://site.ebrary.com/lib/rucke/Doc?id=10693646zAn electronic book accessible through the World Wide Web; click to view c24423d24423